Identity, community, and state : (Record no. 1678410)

MARC details
000 -LEADER
fixed length control field 00624nam a22002057a 4500
003 - CONTROL NUMBER IDENTIFIER
control field OSt
005 - DATE AND TIME OF LATEST TRANSACTION
control field 20260130114221.0
008 - FIXED-LENGTH DATA ELEMENTS--GENERAL INFORMATION
fixed length control field 260130b |||||||| |||| 00| 0 eng d
020 ## - INTERNATIONAL STANDARD BOOK NUMBER
International Standard Book Number 9789384082925
Qualifying information (hardback)
040 ## - CATALOGING SOURCE
Language of cataloging eng
Transcribing agency HDL
082 04 - DEWEY DECIMAL CLASSIFICATION NUMBER
Classification number 294.40954 Q7
Edition number 23
100 1# - MAIN ENTRY--PERSONAL NAME
Personal name Jain, Shalin,
Relator term author.
9 (RLIN) 1112909
245 10 - TITLE STATEMENT
Title Identity, community, and state :
Remainder of title the Jains under the Mughals /
Statement of responsibility, etc. Shalin Jain.
264 #1 - PRODUCTION, PUBLICATION, DISTRIBUTION, MANUFACTURE, AND COPYRIGHT NOTICE
Place of production, publication, distribution, manufacture Delhi :
Name of producer, publisher, distributor, manufacturer Primus Books,
Date of production, publication, distribution, manufacture, or copyright notice 2017.
300 ## - PHYSICAL DESCRIPTION
Extent xiii, 402 pages.
651 ## - SUBJECT ADDED ENTRY--GEOGRAPHIC NAME
Geographic name India
9 (RLIN) 1112910
655 #7 - INDEX TERM--GENRE/FORM
Genre/form data or focus term History.
Source of term fast
Authority record control number or standard number (OCoLC)fst01411628
9 (RLIN) 1112911
942 ## - ADDED ENTRY ELEMENTS (KOHA)
Source of classification or shelving scheme Colon Classification (CC)
Koha item type Textual
Suppress in OPAC No
Holdings
Withdrawn status Lost status Source of classification or shelving scheme Damaged status Not for loan Home library Current library Date acquired Total Checkouts Date last seen Price effective from Koha item type
    Colon Classification (CC)     Department of History Library Department of History Library 2026-01-30   2026-01-30 2026-01-30 Textual
Copyright @ Delhi University Library System